Ignacia Rodulfo y la Fundación Ignacia : (Registro nro. 53541)
[ vista simple ]
| 000 -LEADER | |
|---|---|
| campo de control de longitud fija | 01933nam a2200301 i 4500 |
| 003 - IDENTIFICADOR DE NÚMERO DE CONTROL | |
| campo de control | peliumch |
| 005 - FECHA Y HORA DE LA ÚLTIMA TRANSACCIÓN | |
| campo de control | 20251125170523.0 |
| 007 - CAMPO FIJO DE DESCRIPCIÓN FÍSICA--INFORMACIÓN GENERAL | |
| campo de control de longitud fija | ta |
| 008 - DATOS DE LONGITUD FIJA--INFORMACIÓN GENERAL | |
| campo de control de longitud fija | 251125b2025 pe ||||gr|||| 00| 0 spa d |
| 020 ## - NÚMERO INTERNACIONAL ESTÁNDAR DEL LIBRO | |
| Número Internacional Estándar del Libro | 9786124991707 |
| 040 ## - FUENTE DE CATALOGACIÓN | |
| Centro catalogador/agencia de origen | UMCH |
| Lengua de catalogación | spa |
| Centro/agencia transcriptor | UMCH |
| Centro/agencia modificador | jmr |
| Normas de descripción | rda |
| 041 0# - CÓDIGO DE IDIOMA | |
| Código de lengua del texto/banda sonora o título independiente | spa |
| 043 ## - CÓDIGO DE ÁREA GEOGRÁFICA | |
| Código de área geográfica | s-pe--- |
| 082 04 - NÚMERO DE LA CLASIFICACIÓN DECIMAL DEWEY | |
| Número de clasificación | 920.7/A65 |
| 100 1# - ENTRADA PRINCIPAL--NOMBRE DE PERSONA | |
| Nombre de persona | Armas Asín, Fernando |
| Término indicativo de función/relación | autor |
| 245 ## - MENCIÓN DEL TÍTULO | |
| Título | Ignacia Rodulfo y la Fundación Ignacia : |
| Resto del título | una vida de compromiso y una Institución centenaria |
| 250 ## - MENCION DE EDICION | |
| Mención de edición | Primera edición. |
| 264 #1 - PRODUCCIÓN, PUBLICACIÓN, DISTRIBUCIÓN, FABRICACIÓN Y COPYRIGHT | |
| Producción, publicación, distribución, fabricación y copyright | Lima, Perú ; |
| Nombre del de productor, editor, distribuidor, fabricante | Fundación Ignacia Rodulfo Viuda de Canevaro |
| Fecha de producción, publicación, distribución, fabricación o copyright | 2025 |
| 264 #4 - PRODUCCIÓN, PUBLICACIÓN, DISTRIBUCIÓN, FABRICACIÓN Y COPYRIGHT | |
| Fecha de producción, publicación, distribución, fabricación o copyright | ©2025 |
| 300 ## - DESCRIPCIÓN FÍSICA | |
| Extensión | 99 páginas ; |
| Dimensiones | 59x25cm. |
| 520 3# - RESUMEN, ETC. | |
| Sumario, etc. | Este año 2025, en el que conmemoramos el Centenario de la Fundación Ignacia Rodulfo Vda. de Canevaro, es propicio rendir homenaje a una mujer excepcional, quien, inspirada en su profunda fe católica, desarrolló una visión y generosidad que trascienden su época. Nos referimos a doña Ignacia Rodulfo y López Gallo Vda. de Canevaro, pionera en la manera de pensar, sentir y actuar las obras de caridad, desarrollando una nueva forma de orientar su vocación de servicio y compromiso con los más necesitados, la que perdura en el tiempo y la trasciende.<br/>Como parte de este homenaje, presentamos el libro de investigación sobre su vida y obra, y el de la Fundación que ella instituyó. Una vida de compromiso y una institución centenaria, que representa una oportunidad invaluable para conocerla más profundamente. Esta obra es más que un testimonio, es la materialización de un anhelo largamente esperado y necesario, un proyecto que durante años fue aspiración y hoy, en el marco del centenario, finalmente se concreta. |
| 521 ## - NOTA DE PÚBLICO DESTINATARIO | |
| Nota de público destinatario | Recomendado para un público general. |
| 942 ## - ELEMENTOS DE ENTRADA SECUNDARIOS (KOHA) | |
| Fuente del sistema de clasificación o colocación | Clasificación Decimal Dewey |
| Tipo de ítem Koha | Libros |
| Suprimir en OPAC | No |
| Estatus retirado | Estado de pérdida | Fuente del sistema de clasificación o colocación | Estado de daño | No para préstamo | Biblioteca de origen | Biblioteca actual | Fecha de adquisición | Fuente de adquisición | Información codificada de la localización en otra ubicación | Total checkouts | Signatura topográfica completa | Código de barras | Visto por última vez | Precio de reemplazo | Tipo de ítem Koha |
|---|---|---|---|---|---|---|---|---|---|---|---|---|---|---|---|
| Clasificación Decimal Dewey | Biblioteca Central | Biblioteca Central | 25/11/2025 | Donación | UMCH | 920.7/A65 | 035591 | 25/11/2025 | 25/11/2025 | Libros |

